000
00307nam a22001457a 4500
003
SGT
082
_a
535.84,GUP
100
_a
GUPTA,S.L
245
_a
ELEMENTS OF SPECTROSCOPY
250
_a
1ST
260
_a
MEERUT
_b
PRAGATI PRAKASHAN
_c
2016
300
_a
791
650
_a
CHEMISTRY
942
_2
ddc
_c
FPS
_0
4
999
_c
10043
_d
10043